000 00462nam a2200181Ia 4500
005 20251020182617.0
008 200515s9999 xx 000 0 und d
082 _aSC/694.5/G25/4
110 _aMinisterio de Trabajo
245 0 _aCarpintería: Escalera de Tijera
260 _aLima
260 _c1978
300 _as.n.
520 _aElaboración de escaleras de Tijera de madera
650 _aCARPINTERIA
650 _aESCALERAS DE TIJERA
942 _cLIB
999 _c3519
_d3519